Statystyki dla Stolice świata na literę H

Kliknij tutaj aby rozwiązać quiz!

Ogólne statystyki

  • Ten quiz został rozwiązany 6 823 razy
  • Średni wynik to 3 z 5

Statystyki odpowiedzi

PaństwoStolica% Poprawnych
FinlandiaHelsinki
89%
WietnamHanoi
62%
KubaHawana
61%
ZimbabweHarare
34%
Wyspy SalomonaHoniara
31%

Rozkład punktacji

Percentyl według liczby udzielonych odpowiedzi

Procent ludzi z każdym wynikiem

Twoja historia wyników

Nie rozwiązałeś tego quizu